Дело о доставлении формулярных списков о медиках к господину управляющему придворной медицинской частью Дирекции

Доступно только в Электронных читальных залах Найти на картеНа карте
RUSMARC
00003757nmc2a22000003x 450
0014179bf64-1bf5-4a49-ad61-1631532bd8a3
00520190109212937.0
100##$a20170705l18491856k l0rusy0189 ca
1010#$arus
102##$aRU
2001#$aДело о доставлении формулярных списков о медиках к господину управляющему придворной медицинской частью Дирекции
$j29 июля 1849 г. - 11 января 1856 г.
251##$cДело
300##$aПо Канцелярии директора за 1849 год
300##$aДело
801#0$aRU
$bРГИА
$c20170705
$gRCR
801#1$aRU
$bГлавНИВЦ
$c20170705
$2rusmarc
801#2$aRU
$bПБ им. Б.Н. Ельцина
$c20190109
$gRCR
$2rusmarc
850##$aРГИА
852##$aРГИА
$eФедеральное казенное учреждение "Российский государственный исторический архив" (РГИА)
$j12479
937##$hРГИА
$d12247673
$aASBIBLIO_SCAN
462#0$1001dd3991dc-24e1-42ec-8838-ca4255420416
$12001
$a1746-1850 гг.
$1251
$cОпись
$1852
$j1
461#0$10019264ebf8-de62-4f1a-9eb4-9f22098dbbd5
$12001
$aДирекция императорских театров МИДв
$1251
$cФонд
$1852
$j497
215##$a13 л.
$d36,5х26 см
371##$aДокумент не является опубликованным и широко распространяемым
105##$ay###
1222#$ad
035##$a4179bf64-1bf5-4a49-ad61-1631532bd8a3
856##$uhttp://readingroom.main.prlib.ru/item.aspx?id_node=n122804517&mode=full
Формат отображения